000
00323nam a22001457a 4500
008
210302b ||||| |||| 00| 0 eng d
020
_a
9780538603874
041
_a
eng
080
_2
2nd
_a
33
082
_a
33
100
_a
58
101
_a
BIZ
245
_a
Personal Business Management
_c
Ryan, J. S
942
_2
udc
_c
BK
999
_c
55544
_d
55544